000 01236nam a22002657a 4500
005 20101206113148.0
008 101206t xxu||||| |||| 00| 0 hin d
010 _aHIN-91403
020 _c250.00
_a9789350004296
035 _aHN-63749
037 _bDBAD/PUB
040 _aDPL
_bHN
082 _a070
100 _924598
_aरवि मोहन
245 _aजनसंपर्क की व्यावहारिक मार्गदर्शिका /
_cरवि मोहन;सुभाष चन्द्र शर्मा द्वारा अनुदित
246 _aJansampark ki vyavharik margdarshika
_bby Ravi Mohan
260 _aनई दिल्ली
_bवाणी प्रकाशन
_c2010
270 _bनई दिल्ली
_a4695, 21-ए, दरियागंज
_e110002
300 _a159पृ.
_c22सेमी (सजिल्द)
_bसचित्र
650 _91169
700 _924599
_aशर्मा, सुभाष चन्द्र
700 _924924
942 _2ddc
_cHN
_mरविमो
_h070
999 _c49565
_d49565